000 01073cam a2200193 4500
001 WB3805-08
008 020206n2002 000 0 eng u
035 _a(Sirsi) u116617
245 _aNine new regional venture capital funds
260 _c2002
490 _aRICS News Service
_v4 February 2002, (1)
520 _aNine new regional venture capital funds for the UK regions were launched on 29 January 2002. The projects, pioneered by the Chancellor of the Exchequer, are the result of £225m of joint funding from the Department of Trade and Industry, Barclays Bank and the European Investment Bank. Companies eligible for finance are likely to receive sums between £70 000 and £250 000 as part of government's attempt to fill the equity gap for small companies. For further information:- E [email protected] or T +44 (0)20 7334 3703
590 _aWB
650 _aVENTURE CAPITAL
650 _aDEPARTMENT OF TRADE AND INDUSTRY
650 _aBARCLAYS BANK
690 _aPROPERTY-COMMERCIAL PROPERTY-COMMERCIAL PROPERTY FINANCE AND INVESTMENT
942 _n0
999 _c69439
_d69439